000 01105cam a2200313 i 4500
001 4156
003 FISKH
005 20240624092545.0
008 150401s2016 nyuab j b 001 0 eng c
010 _a 2015012579
020 _a9780531218464 (library binding : alk. paper)
020 _a9780531217856 (pbk. : alk. paper)
040 _aNJQ/DLC
_beng
_cNJQ
_erda
_dDLC
050 _aCC76.M37
082 0 4 _a902
100 1 _aMarsico, Katie,
_d1980-
245 1 4 _aThe oldest and the newest /
_cKatie Marsico.
260 _aNew York :
_bScholastic,
_c2016.
300 _a48 pages :
_bcolor illustrations, color maps ;
_c22 cm.
490 1 _aA true book
520 _a"Learn all about the oldest and newest places on Earth and find out how the world has changed over time."
650 0 _aAntiquities
_vJuvenile literature.
650 0 _aTrees
_xAge determination
_vJuvenile literature.
650 0 _aVolcanic eruptions
_vJuvenile literature.
651 0 _aBarnenez Cairn (France)
_vJuvenile literature.
906 _a7
_bcbc
_corignew
_d1
_eecip
_f20
_gy-gencatlg
942 _2ddc
_cBK
_n0
999 _c4156
_d4156